000 01198nam a2200277 i 4500
001 000043840
003 DO-SdBNP
005 20240722112022.0
007 ta
008 110119s2008 dr 001 0 spa d
040 _aDO-SdBNP
_bspa
_cBNPHU
_erda
082 4 _a101
_bA795s, 2008
_222
100 1 _aArvelo, Alejandro,
_d1959-
_925165
_eautor
245 1 0 _aSi quieres filosofar ... /
_cAlejandro Arvelo ; prólogo, Rafael Morla.
250 _aCuarta edición
264 _aSanto Domingo :
_bSurco,
_c2008.
300 _a243 páginas ;
_c24 cm.
336 _2rdacontent
_atexto
_btxt
337 _2rdamedia
_asin mediación
_bn
338 _2rdacarrier
_avolumen
_bnc
500 _aIncluye referencias bibliográficas y notas al final de capítulos.
505 0 _aPrólogo /
_rRafael Morla --
_tAnatomía del alma ordinaria --
_tCómo evitar el error --
_tReflexiones en torno a la naturaleza humana --
_tFilosofar... en qué consiste? --
_tEl problema fundamental de la filosofía --
_tLa definición de la filosofía como problema filosófico --
_gEpílogo /
_rLeón David.
650 4 _aFilosofía
_xEnsayos, conferencias, etc.
_933791
700 1 _aMorla, Rafael,
_eprólogo
_933792
942 _2ddc
_cLBS1
999 _c43329
_d43329